Neue Unternehmen und alternative Betriebe Kulturelle Aspekte betrieblichen Handelns

Salvato in:
Dettagli Bibliografici
Autore principale: Jäger, Wieland
Natura: Libro
Lingua:tedesco
Pubblicazione: Wiesbaden Gabler 1991
Edizione:1. Aufl.
Soggetti:
Tags: Aggiungi Tag
Nessun Tag, puoi essere il primo ad aggiungerne!!

MARC

LEADER 00000nam a2200000 4500
001 c000055
005 20221214102157.7
020 |a 3-409-13132-9 
041 0 |a ger 
044 |a DE 
245 1 0 |a Neue Unternehmen und alternative Betriebe  |b Kulturelle Aspekte betrieblichen Handelns  |c Wieland Jäger 
250 |a 1. Aufl. 
264 1 |a Wiesbaden  |b Gabler  |c 1991 
300 |a 183 s. 
610 2 0 |a kooperácia 
610 2 0 |a organizácia podniku 
610 2 0 |a rozhodovanie podnikové 
610 2 0 |a trh 
610 2 0 |a čas pracovný 
610 2 0 |a demokracia podniková 
610 2 0 |a podnik 
100 1 |a Jäger, Wieland